000 00985nam a22003137a 4500
001 7464
003 FISKH
005 20250717151907.0
008 250717b cb ||||| |||| 00| 0 eng d
020 _a9780545064545
040 _aFISKH
_beng
_cFISKH
_dFISKH
050 _aPS3566.R36 M9
082 _a811.54
100 _aPrelutsky, Jack
245 _aMy parents think I'm sleeping /
_cpoem by Jack Prelutsky Children's Poet Laureate : pictures by Yossi Abolafia
250 _aFirst Scholastic printing , January 2008
260 _aNew York :
_bScholastic ,
_c1985, 2007.
300 _a48 pages :
_bcolor illustrations ;
_c23 cm .
490 _aI can read !
_v3
505 _aF
520 _aA collection of humorous poems about bedtime.
521 8 _a350
_bLexile estimate
521 8 _aF
_bRaz-Plus
650 _aRhyming
_vFiction
650 _aBedtime
_vFiction
700 _aAbolafia, Yossi
_eIllustrator
942 _2ddc
_cBK
_n0
999 _c7464
_d7464